000 01332nam a2200349Ic 4500
001 59496
003 CO-BoRNBP
005 20251021152831.0
007 ta
008 210809s2012 mx ad dr 000 0 spa d
020 _a9786071507143
040 _aCO-BoRNBP
_bspa
_erda
_cCO-BoRNBP
041 1 _aspa
_heng
082 0 4 _a512.13
_bZ34a
_222
100 1 _aZill, Dennis G.
_d1940-
_eaut
_965735
245 1 0 _aÁlgebra, trigonometría y geometría analítica /
_cDennis G. Zill, Jacqueline M. Dewar ; traducción, María del Pilar Carril Villarreal.
250 _aTercera edición
264 1 _aMéxico :
_bMcGraw-Hill,
_c2012
300 _axv, 707, [54] páginas :
_bilustraciones, gráficos
336 _atexto
_btxt
_2rdacontent
337 _asin mediación
_bn
_2rdamedia
338 _avolumen
_bnc
_2rdacarrier
500 _aIncluye solución de los problemas al final del texto
521 _aRecomendado para un público mayor de 15 años
534 _tAlgebra and trigonometry
650 0 7 _aAlgebra
_vProblemas, ejercicios, etc.
_2lemb
_965736
650 0 7 _aGeometría analítica
_vProblemas, ejercicios, etc.
_2lemb
_965737
650 0 7 _aTrigonometría
_vProblemas, ejercicios, etc.
_2lemb
_965738
700 _aCarril Villarreal, María del Pilar
_etrl
_965739
700 _aDewar, Jacqueline M.
_eaut
_938907
942 _2ddc
_cBK
999 _c59496
_d59496